| 000 | 00694nam a22001577a 4500 | ||
|---|---|---|---|
| 003 | OSt | ||
| 005 | 20151004102623.0 | ||
| 008 | 151004b xxu||||| |||| 00| 0 eng d | ||
| 040 | _cRUA | ||
| 082 | _aAVM IN 2001 B072 Or.1 | ||
| 100 |
_91989 _aIN, SOPHEA. |
||
| 245 | _aAdaption behaior of the farmer on animal production technologies in kompong thom province, ចរិតលក្ខណៈនៃការទទួលយកបច្ចេកវិទ្យាក្នុងការចិញ្ចឹមសត្វរបស់ប្រជាកសិករ នៅខេត្តកំពង់ធំ | ||
| 260 |
_aPhnom Penh _bRUA _c2001 |
||
| 300 |
_avii; 41p. _bill. _c29cm. |
||
| 942 |
_2ddc _cAVM |
||
| 999 |
_c1881 _d1881 |
||